Santo, El Enmascarado de Plata : mito y realidad de un héroe mexicano moderno /
Estudio interdisciplinario sobre la construcción de la figura de El Santo, nombre profesional del actor y deportista profesional hidalguense Rodolfo Guzmán Huerta (1917-1984), visto como un mito moderno. Guzmán Huerta, el exponente más popular en la historia de la lucha libre profesional en México,...
-д хадгалсан:
| Үндсэн зохиолч: | |
|---|---|
| Формат: | Ном |
| Хэл сонгох: | испани |
| Хэвлэсэн: |
Guadalajara, México : Zamora, México :
Universidad de Guadalajara ; El Colegio de Michoacán,
2019, c2019
|
| Нөхцлүүд: | |
| Шошгууд: |
Шошго байхгүй, Энэхүү баримтыг шошголох эхний хүн болох!
|
MARC
| LEADER | 00000nam^a2200000^a^4500 | ||
|---|---|---|---|
| 001 | 000425453 | ||
| 005 | 20250521000000.0 | ||
| 009 | 20260310122717.549 | ||
| 020 | |a 978-607-547-557-8 | ||
| 020 | |a 978-607-544-076-7 | ||
| 037 | |a Acervo ITESO - Biblioteca | ||
| 041 | |a ESP | ||
| 082 | |a 302. 2350972 |b FER | ||
| 100 | |a Fernández Reyes, Alvaro A. |e (autor) | ||
| 245 | 1 | 0 | |a Santo, El Enmascarado de Plata : |b mito y realidad de un héroe mexicano moderno / |c A.A. Fernández Reyes. |
| 264 | 4 | |a Guadalajara, México : |b Universidad de Guadalajara ; |a Zamora, México : |b El Colegio de Michoacán, |c 2019, c2019 | |
| 300 | |a 211 p. : |b tapa dura | ||
| 336 | |a texto |b txt |2 rdacontenido | ||
| 337 | |a sin mediación |b n |2 rdamedio | ||
| 338 | |a volumen |b nc |2 rdasoporte | ||
| 520 | |a Estudio interdisciplinario sobre la construcción de la figura de El Santo, nombre profesional del actor y deportista profesional hidalguense Rodolfo Guzmán Huerta (1917-1984), visto como un mito moderno. Guzmán Huerta, el exponente más popular en la historia de la lucha libre profesional en México, inició su trayectoria deportiva en 1935 y siete años después adoptó su nombre profesional, además de la máscara ocultadora de su rostro e identidad. El personaje ingresó para 1952, tanto en la historieta como en el cine. La imagen de El Santo se tornó portadora de símbolos de fuerte arraigo al encarnar valores, sueños y aspiraciones de una nación que atravesaba su proceso de modernización, ansiosa de nuevos emblemas de identidad cultural. | ||
| 521 | |a FIL 2019 DIA | ||
| 649 | |a XX | ||
| 650 | |a Luchadores Mexicanos | ||
| 650 | |a Deportistas Profesionales Mexicanos | ||
| 650 | |a Héroes de Ficción Mexicanos | ||
| 650 | |a Actores Mexicanos | ||
| 650 | |a Luchadores en el Cine - |z México - |x Historia y Crítica - |x Tema Principal | ||
| 650 | |a Deportistas en el Cine - |z México - |x Historia y Crítica | ||
| 650 | |a Lucha (Deporte) en el Cine - |z México - |x Historia y Crítica - |x Tema Principal | ||
| 650 | |a Lucha (Deporte) - |z México - |x Historia - |y 1946-2000 | ||
| 650 | |a Lucha (Deporte) - |z México - |x Historia - |y Siglo XX | ||
| 650 | |a Deportes Profesionales en el Cine - |z México - |x Historia y Crítica | ||
| 650 | |a Deportes Profesionales - |z México - |x Historia - |y 1946-2000 | ||
| 650 | |a Deportes Profesionales - |z México - |x Historia - |y Siglo XX | ||
| 650 | |a Deportes en el Cine - |z México - |x Historia y Crítica | ||
| 650 | |a Deportes - |z México - |x Historia - |y 1946-2000 | ||
| 650 | |a Deportes - |z México - |x Historia - |y Siglo XX | ||
| 650 | |a Espectáculos Populares - |z México - |x Historia - |y 1946-2000 | ||
| 650 | |a Espectáculos Populares - |z México - |x Historia - |y Siglo XX | ||
| 650 | |a Prácticas Culturales - |z México - |x Historia - |y 1946-2000 | ||
| 650 | |a Prácticas Culturales - |z México - |x Historia - |y Siglo XX | ||
| 650 | |a Mitología Mexicana - |x Historia y Crítica | ||
| 650 | |a Géneros Cinematográficos - |z México - |x Historia y Crítica | ||
| 650 | |a Cine Mexicano - |x Historia y Crítica | ||
| 650 | |a Cine Mexicano - |y Siglo XX | ||
| 650 | |a Medios Audiovisuales - |z México - |x Historia - |y 1946-2000 | ||
| 650 | |a Medios Audiovisuales - |z México - |x Historia - |y Siglo XX | ||
| 650 | |a Historietas y Caricaturas Mexicanas - |x Historia y Crítica | ||
| 650 | |a Medios de Comunicación - |z México - |x Historia - |y 1946-2000 | ||
| 650 | |a Medios de Comunicación - |z México - |x Historia - |y Siglo XX | ||
| 650 | |a Comunicación Visual - |z México - |x Historia - |y 1946-2000 | ||
| 650 | |a Comunicación Visual - |z México - |x Historia - |y Siglo XX | ||
| 650 | |a Comunicación Masiva - |z México - |x Historia - |y 1946-2000 | ||
| 650 | |a Comunicación Masiva - |z México - |x Historia - |y Siglo XX | ||
| 650 | |a Cambios Sociales y Culturales - |z México - |x Historia - |y 1946-2000 | ||
| 650 | |a Cambios Sociales y Culturales - |z México - |x Historia - |y Siglo XX | ||
| 650 | |a Identidad Nacional - |z México | ||
| 650 | |a Identidad Cultural - |z México | ||
| 650 | |a Cultura Popular - |z México - |x Historia - |y 1946-2000 | ||
| 650 | |a Cultura Popular - |z México - |x Historia - |y Siglo XX | ||
| 650 | |a Cultura Urbana - |z México - |x Historia - |y 1946-2000 | ||
| 650 | |a Cultura Urbana - |z México - |x Historia - |y Siglo XX | ||
| 650 | |a Sociología de la Comunicación | ||
| 650 | |a Sociología Urbana | ||
| 650 | |a Antropología Cultural | ||
| 650 | |a Sociología de la Cultura | ||
| 650 | |a El Santo - |x Tema Principal | ||
| 910 | |a Fondo General | ||
| 920 | |a Impresos - Libros | ||
| 930 | |a Colección General | ||
| 905 | |a 101 | ||
| 901 | |a 0500340787 |b IT1 |c ACC |i C169351 |u 20250521 | ||
| 902 | |a https://opac.biblio.iteso.mx/vufind/Record/000425453 | ||